Лингвистика текста. Лингвистика дискурса: учебное пособие для вузов

Бібліографічні деталі
Автор: Чернявская В. Е. Валерия Евгеньевна
Резюме:В книге рассматриваются основные теоретические положения лингвистики текста в новой исследовательской парадигме, сложившейся на рубеже XX —XXI вв. Как самостоятельная лингвистическая дисциплина позиционируется лингвистика дискурса. Показываются принципы и методы лингвистического анализа дискурса в сопоставлении с традиционным текстовым анализом. Представлено последовательное описание дискурса, дискурсивности с языковедческих позиций, отграниченных от социологических, философских, исторических подходов к этой категории. Книга адресована лингвистам, специалистам в теории коммуникации, культурологам.
Мова:Російська
Опубліковано: Москва, Флинта, 2013
Предмети:
Формат: MixedMaterials Книга
KOHA link:https://koha.lib.tpu.ru/cgi-bin/koha/opac-detail.pl?biblionumber=241017

MARC

LEADER 00000nam0a2200000 4500
001 241017
005 20231101231802.0
010 |a 9785976514546 
010 |a 978-5-02-037800-1 
035 |a (RuTPU)RU\TPU\book\262282 
090 |a 241017 
100 |a 20130701d2013 m y0rusy50 ca 
101 0 |a rus 
102 |a RU 
105 |a y j 001zy 
200 1 |a Лингвистика текста. Лингвистика дискурса  |e учебное пособие для вузов  |f В. Е. Чернявская 
210 |a Москва  |c Флинта  |c Наука  |d 2013 
215 |a 202 с. 
320 |a Библиогр.: с. 194-202. 
330 |a В книге рассматриваются основные теоретические положения лингвистики текста в новой исследовательской парадигме, сложившейся на рубеже XX —XXI вв. Как самостоятельная лингвистическая дисциплина позиционируется лингвистика дискурса. Показываются принципы и методы лингвистического анализа дискурса в сопоставлении с традиционным текстовым анализом. Представлено последовательное описание дискурса, дискурсивности с языковедческих позиций, отграниченных от социологических, философских, исторических подходов к этой категории. Книга адресована лингвистам, специалистам в теории коммуникации, культурологам. 
606 1 |a Текст  |x Лингвистика  |2 stltpush  |3 (RuTPU)RU\TPU\subj\58745  |9 76497 
610 1 |a лингвистика 
610 1 |a дискурс 
610 1 |a когерентность 
610 1 |a гипертекст 
610 1 |a текстуальность 
610 1 |a восприятие 
610 1 |a целостность 
610 1 |a типологизация 
610 1 |a когнитивная парадигма 
610 1 |a анализ 
610 1 |a учебные пособия 
686 |a Ш09я73  |v LBC/SL-A  |2 rubbk 
700 1 |a Чернявская  |b В. Е.  |g Валерия Евгеньевна 
801 1 |a RU  |b 63413507  |c 20130701 
801 2 |a RU  |b 63413507  |c 20131003  |g RCR 
942 |c BK 
959 |a 106/20130701  |d 1  |e 200,00  |f ЧЗИЛ:1